Schauspieler nach Bildern #1 - Statistiken

Allgemein
  • Dieses Quiz wurde 661 mal gespielt
  • Das Durchschnittsergebnis liegt bei 5 aus 20
Antwortstatistiken
Bildquiz Antwort % Korrekt
Brad Pitt
95%
Scarlett Johansson
69%
Denzel Washington
65%
Halle Berry
39%
Whoopi Goldberg
36%
Al Pacino
35%
Ben Kingsley
35%
Jean Reno
35%
James Stewart
10%
Sarah Paulson
9%
Harvey Keitel
8%
Nastassja Kinski
6%
Gary Cooper
4%
Peter Stormare
4%
Cristin Milioti
3%
Giovanni Ribisi
3%
Haley Joel Osment
3%
Harry Dean Stanton
2%
Janet Leigh
1%
Rita Moreno
1%
Keine übereinstimmenden Quizze gefunden
Verteilung der Resultate
Anzahl Personen mit jedem Resultat
Perzentil nach korrekt beantworteten Fragen
Ihre Resultats-Entwicklung
Sie haben dieses Quiz noch nicht gespielt